<?xml version="1.0" encoding="UTF-8"?>
<record
    xmlns:xsi="http://www.w3.org/2001/XMLSchema-instance"
    xsi:schemaLocation="http://www.loc.gov/MARC21/slim http://www.loc.gov/standards/marcxml/schema/MARC21slim.xsd"
    xmlns="http://www.loc.gov/MARC21/slim">

  <leader>03136nam a22002297a 4500</leader>
  <controlfield tag="008">251111b        |||||||| |||| 00| 0 eng d</controlfield>
  <datafield tag="020" ind1=" " ind2=" ">
    <subfield code="a">9782889730476</subfield>
  </datafield>
  <datafield tag="040" ind1=" " ind2=" ">
    <subfield code="c">tbs</subfield>
  </datafield>
  <datafield tag="041" ind1=" " ind2=" ">
    <subfield code="a">fre</subfield>
  </datafield>
  <datafield tag="100" ind1=" " ind2=" ">
    <subfield code="a">Dicker, Jo&#xEB;l</subfield>
    <subfield code="d">1985-</subfield>
    <subfield code="9">26472</subfield>
    <subfield code="e">author</subfield>
  </datafield>
  <datafield tag="245" ind1=" " ind2=" ">
    <subfield code="a">Wild animal :</subfield>
    <subfield code="c">/ Jo&#xEB;l Dicker</subfield>
  </datafield>
  <datafield tag="260" ind1=" " ind2=" ">
    <subfield code="a">Qu&#xE9;bec : </subfield>
    <subfield code="b">Rosie &amp; Wolfe</subfield>
    <subfield code="c">2024.</subfield>
  </datafield>
  <datafield tag="300" ind1=" " ind2=" ">
    <subfield code="a">397 pages ;</subfield>
    <subfield code="c">23 cm.</subfield>
  </datafield>
  <datafield tag="520" ind1=" " ind2=" ">
    <subfield code="a">Le 2 juillet 2022, deux criminels se pr&#xE9;parent &#xE0; cambrioler une bijouterie &#xE0; Gen&#xE8;ve. Mais m&#xEA;me avec un plan infaillible, leur &#xAB; casse parfait &#xBB; sera loin de se d&#xE9;rouler sans encombre&#x2026;

Vingt jours plus t&#xF4;t, dans une luxueuse propri&#xE9;t&#xE9; au bord du lac L&#xE9;man, Sophie Braun s&#x2019;appr&#xEA;te &#xE0; f&#xEA;ter ses quarante ans. Sa vie semble parfaite : un mariage de conte de f&#xE9;es, deux enfants mod&#xE8;les, une maison moderne nich&#xE9;e au c&#x153;ur d&#x2019;une for&#xEA;t verdoyante. Mais son monde idyllique est sur le point de s&#x2019;effondrer. Son mari se laisse entra&#xEE;ner dans de petites magouilles. Son voisin, un policier &#xE0; la r&#xE9;putation irr&#xE9;prochable, est obs&#xE9;d&#xE9; par elle et &#xE9;pie les moments les plus intimes de sa vie. Puis, le jour de son anniversaire, elle re&#xE7;oit un cadeau d&#x2019;un myst&#xE9;rieux r&#xF4;deur qui met sa vie en danger.

Il faudra remonter loin dans le pass&#xE9;, bien au-del&#xE0; de Gen&#xE8;ve, pour comprendre les origines de ce complot diabolique dont personne ne sortira indemne &#x2014; pas m&#xEA;me le lecteur.

Rythm&#xE9; &#xE0; un tempo haletant et travers&#xE9; d&#x2019;un suspense saisissant, Un animal sauvage confirme une fois encore pourquoi Jo&#xEB;l Dicker &#x2014; depuis La V&#xE9;rit&#xE9; sur l&#x2019;affaire Harry Quebert &#x2014; r&#xE8;gne en ma&#xEE;tre parmi les auteurs de romans policiers contemporains les plus aim&#xE9;s au monde.</subfield>
  </datafield>
  <datafield tag="520" ind1=" " ind2=" ">
    <subfield code="a">On July 2, 2022, two criminals set out to rob a jewelry shop in Geneva. But even with a foolproof plan, their "perfect" heist will prove far from uneventful ... Twenty days earlier, on a luxurious estate along the shores of Lake Geneva, Sophie Braun prepares to celebrate her fortieth birthday. Her life seems perfect: she has a fairytale marriage, two perfect children, and lives in a stylish modern mansion surrounded by lush forest. But her idyllic world is about to crumble. Her husband is becoming embroiled in petty schemes. Her neighbor, a policeman with a spotless reputation, is obsessed with her and spies on the most intimate moments of her life. Then, on her birthday, she receives a gift from a mysterious prowler that endangers her life. It will take many journeys into the past, far from Geneva, to unravel the origins of this diabolical plot from which no one will emerge unscathed, including readers. Told at a breathtaking pace, filled with nerve-jangling suspense, Wild Animal demonstrates once again why Jo&#xEB;l Dicker -- since the publication of The Truth About the Harry Quebert Case -- reigns supreme as one of the most beloved contemporary mystery writers in the world today.</subfield>
  </datafield>
  <datafield tag="650" ind1=" " ind2="0">
    <subfield code="a">Criminals</subfield>
    <subfield code="v">Fiction</subfield>
    <subfield code="9">24264</subfield>
  </datafield>
  <datafield tag="650" ind1=" " ind2="0">
    <subfield code="a">Middle-aged women</subfield>
    <subfield code="v">Fiction</subfield>
    <subfield code="9">24069</subfield>
  </datafield>
  <datafield tag="650" ind1=" " ind2="0">
    <subfield code="a">Secrecy</subfield>
    <subfield code="v">Fiction</subfield>
    <subfield code="9">25722</subfield>
  </datafield>
  <datafield tag="651" ind1=" " ind2="0">
    <subfield code="a">Geneva (Switzerland)</subfield>
    <subfield code="v">Fiction</subfield>
    <subfield code="9">26473</subfield>
  </datafield>
  <datafield tag="655" ind1=" " ind2="0">
    <subfield code="a">Thrillers (Fiction)</subfield>
    <subfield code="9">22669</subfield>
  </datafield>
  <datafield tag="942" ind1=" " ind2=" ">
    <subfield code="2">lcc</subfield>
  </datafield>
  <datafield tag="952" ind1=" " ind2=" ">
    <subfield code="0">0</subfield>
    <subfield code="1">0</subfield>
    <subfield code="2">lcc</subfield>
    <subfield code="4">0</subfield>
    <subfield code="7">0</subfield>
    <subfield code="a">TBS</subfield>
    <subfield code="b">TBS</subfield>
    <subfield code="d">2025-11-11</subfield>
    <subfield code="l">2</subfield>
    <subfield code="o">P-SP DIC</subfield>
    <subfield code="p">B06058</subfield>
    <subfield code="r">2026-04-08</subfield>
    <subfield code="s">2026-03-26</subfield>
    <subfield code="t">1</subfield>
    <subfield code="w">2025-11-11</subfield>
    <subfield code="y">1</subfield>
  </datafield>
  <datafield tag="999" ind1=" " ind2=" ">
    <subfield code="c">5169</subfield>
    <subfield code="d">5169</subfield>
  </datafield>
</record>
